[Event "PARDUBICE OPEN 2007"]
[Site "CEZ arena,  Pardubice  (CZE)"]
[Date "2007.07.20"]
[Round "1"]
[White "Swinkels, Robin"]
[Black "Kalnins, Kristaps"]
[Result "1-0"]
[WhiteElo "2440"]
[BlackElo "2240"]
[PlyCount "121"]
[EventDate "2007.07.20"]

1. e4 e5 2. Nf3 Nc6 3. Bb5 a6 4. Bxc6 dxc6 5. O-O f6 6. d4 exd4 7. Nxd4 c5 8.
Ne2 Qxd1 9. Rxd1 Bd7 10. Be3 O-O-O 11. Nbc3 Re8 12. Rd2 Bc6 13. Rad1 Bd6 14.
Bf4 Bxf4 15. Nxf4 Nh6 16. Nh5 Rhg8 17. Ng3 Nf7 18. f3 Nd6 19. b3 c4 20. b4 Rd8
21. Kf2 g6 22. Nf1 Rge8 23. Ne3 b5 24. Ncd5 Bxd5 25. Rxd5 Re6 26. g4 c6 27.
R5d4 Nb7 28. f4 Rde8 29. Kg3 c5 30. bxc5 Nxc5 31. Nxc4 bxc4 32. Rxc4 Rc6 33.
Rd5 Rxe4 34. Rcxc5 Rc4 35. Rxc4 Rxc4 36. Rd6 f5 37. gxf5 gxf5 38. Rxa6 Rc3+ 39.
Kg2 Kd7 40. a4 Ke7 41. Rh6 Kf7 42. a5 Kg7 43. Rb6 Rxc2+ 44. Kg3 h6 45. a6 Ra2
46. Rb7+ Kg6 47. a7 Kh5 48. Rg7 Ra3+ 49. Kf2 Kh4 50. Ke2 h5 51. Kd2 Ra2+ 52.
Kc3 Kh3 53. Kb4 Kxh2 54. Kc5 h4 55. Kb6 h3 56. Rg8 Ra3 57. Kb7 Kh1 58. a8=Q
Rxa8 59. Rxa8 Kg2 60. Kc6 Kg3 61. Rh8 1-0

[Event "PARDUBICE OPEN 2007"]
[Site "CEZ arena,  Pardubice  (CZE)"]
[Date "2007.07.20"]
[Round "1"]
[White "Lehmann, Holger"]
[Black "Kraemer, Martin"]
[Result "0-1"]
[WhiteElo "2239"]
[BlackElo "2437"]
[PlyCount "42"]
[EventDate "2007.07.20"]

1. d4 Nf6 2. c4 e6 3. g3 d5 4. Bg2 dxc4 5. Qa4+ Bd7 6. Qxc4 Bc6 7. Nf3 Bd5 8.
Qc2 Nc6 9. O-O Bxf3 10. Bxf3 Nxd4 11. Qa4+ c6 12. Rd1 Nxf3+ 13. exf3 Nd5 14.
Nc3 Be7 15. h4 O-O 16. h5 h6 17. Qg4 f5 18. Qc4 Bf6 19. f4 Qe8 20. Re1 Qxh5 21.
Rxe6 Qf7 0-1

[Event "PARDUBICE OPEN 2007"]
[Site "CEZ arena,  Pardubice  (CZE)"]
[Date "2007.07.20"]
[Round "1"]
[White "Neuman, Petr"]
[Black "Kolesar, Milan"]
[Result "1-0"]
[WhiteElo "2437"]
[BlackElo "2238"]
[PlyCount "65"]
[EventDate "2007.07.20"]

1. d4 d5 2. c4 c6 3. Nf3 Nf6 4. e3 a6 5. Bd3 Bg4 6. O-O e6 7. Nbd2 Be7 8. b3
O-O 9. Bb2 b5 10. Qc2 Nbd7 11. Ne5 Rc8 12. Nxg4 Nxg4 13. Bxh7+ Kh8 14. h3 Bd6
15. Bd3 Ngf6 16. c5 Bb8 17. f4 a5 18. Nf3 Qe7 19. Bc3 Bc7 20. Be1 Ng8 21. g4 f5
22. Nh4 Qf6 23. gxf5 g5 24. Ng6+ Kg7 25. Qg2 exf5 26. Nxf8 Rxf8 27. Qxg5+ Qxg5+
28. fxg5 Ne7 29. Kg2 Rf7 30. h4 Nf8 31. h5 Ne6 32. g6 Rf8 33. Bh4 1-0

[Event "PARDUBICE OPEN 2007"]
[Site "CEZ arena,  Pardubice  (CZE)"]
[Date "2007.07.20"]
[Round "1"]
[White "Milisits, Ryan"]
[Black "Biolek, Richard"]
[Result "1-0"]
[WhiteElo "2238"]
[BlackElo "2436"]
[PlyCount "95"]
[EventDate "2007.07.20"]

1. e4 d5 2. exd5 Nf6 3. d4 Nxd5 4. c4 Nb6 5. Nc3 e5 6. d5 c6 7. Be3 cxd5 8.
cxd5 Bb4 9. Bb5+ Bd7 10. Bxd7+ N8xd7 11. Nge2 Nc4 12. O-O Nxe3 13. fxe3 O-O 14.
e4 Qb6+ 15. Kh1 Bxc3 16. bxc3 Rac8 17. Rf3 Nc5 18. Ng3 g6 19. Qd2 Kg7 20. Qg5
Nd7 21. Raf1 f6 22. Qg4 Qd8 23. Nf5+ Kh8 24. Rh3 gxf5 25. Rxh7+ Kxh7 26. Rxf5
Qe8 27. Rh5+ Qxh5 28. Qxh5+ Kg7 29. Qg4+ Kh6 30. Qxd7 Rxc3 31. h3 Rg8 32. Qf5
Kg7 33. Qf2 b6 34. Qd2 Rc4 35. Qe2 Rd4 36. Qg4+ Kf7 37. Qd7+ Kg6 38. Qe6 Rd8
39. Qf5+ Kg7 40. Qg4+ Kf7 41. h4 Rg8 42. Qd7+ Kg6 43. h5+ Kh6 44. Qe6 Rg5 45.
g4 Rd1+ 46. Kh2 Rf1 47. d6 Rf4 48. Kg3 1-0

[Event "PARDUBICE OPEN 2007"]
[Site "CEZ arena,  Pardubice  (CZE)"]
[Date "2007.07.20"]
[Round "1"]
[White "Maksimov, Yuri"]
[Black "Szymanski, Piotr"]
[Result "1/2-1/2"]
[WhiteElo "2436"]
[BlackElo "2238"]
[PlyCount "87"]
[EventDate "2007.07.20"]

1. d4 d5 2. c4 e6 3. Nf3 Nf6 4. Nc3 Be7 5. Bg5 O-O 6. e3 h6 7. Bh4 Ne4 8. Bxe7
Qxe7 9. Bd3 Nxc3 10. bxc3 Nd7 11. O-O dxc4 12. Bxc4 e5 13. Qb3 e4 14. Nd2 Nf6
15. Rab1 Rb8 16. Be2 b6 17. c4 Bg4 18. Bxg4 Nxg4 19. h3 Nf6 20. Rfd1 Rfe8 21.
Qa4 Qd7 22. Qc2 c6 23. Nb3 Rbd8 24. a4 c5 25. a5 cxd4 26. Nxd4 Qc7 27. axb6
axb6 28. Qb3 Rb8 29. Qb5 Rec8 30. Nf5 Rd8 31. Rxd8+ Rxd8 32. g3 Qc5 33. Nd4 Rc8
34. Qxc5 Rxc5 35. Rxb6 Rxc4 36. Rd6 Kh7 37. Nf5 Rc5 38. Nd4 Kg6 39. Kg2 Ra5 40.
g4 h5 41. Nf5 hxg4 42. hxg4 Kg5 43. Nxg7 Nxg4 44. Kg3 1/2-1/2

[Event "PARDUBICE OPEN 2007"]
[Site "CEZ arena,  Pardubice  (CZE)"]
[Date "2007.07.20"]
[Round "1"]
[White "Srba, Milan"]
[Black "Shtyrenkov, Veniamin"]
[Result "0-1"]
[WhiteElo "2237"]
[BlackElo "2435"]
[PlyCount "54"]
[EventDate "2007.07.20"]

1. e4 c5 2. Nf3 d6 3. d4 cxd4 4. Nxd4 Nf6 5. Nc3 a6 6. Bg5 e6 7. f4 Be7 8. Qf3
h6 9. Bh4 g5 10. fxg5 Nfd7 11. Nxe6 fxe6 12. Qh5+ Kf8 13. Bc4 Ne5 14. O-O+ Kg7
15. Rf6 Bxf6 16. gxf6+ Kf8 17. f7 Qc7 18. Rf1 Rh7 19. Bg5 Nf3+ 20. Qxf3 hxg5
21. Qf6 Qc5+ 22. Kh1 Nc6 23. Qg6 Rh8 24. Rf5 Qxc4 25. Qf6 Qd4 26. e5 Qh4 27. h3
Qh6 0-1

[Event "PARDUBICE OPEN 2007"]
[Site "CEZ arena,  Pardubice  (CZE)"]
[Date "2007.07.20"]
[Round "1"]
[White "Janturin, Artur"]
[Black "Baeumler, Ilja"]
[Result "1-0"]
[WhiteElo "2435"]
[BlackElo "2236"]
[PlyCount "97"]
[EventDate "2007.07.20"]

1. b3 d5 2. e3 c5 3. Bb2 Nc6 4. Bb5 Bd7 5. Nf3 Nf6 6. O-O e6 7. d3 Bd6 8. Nbd2
O-O 9. Bxc6 Bxc6 10. Ne5 Qc7 11. f4 Nd7 12. Nxc6 bxc6 13. Qg4 e5 14. f5 f6 15.
Kh1 Qa5 16. Qe2 Rab8 17. Rf3 Rf7 18. Rh3 c4 19. dxc4 e4 20. a3 Be5 21. Bd4 Qc7
22. Rh4 Qa5 23. b4 Qa4 24. Nb3 a5 25. cxd5 cxd5 26. Qa6 Bxd4 27. exd4 Nb6 28.
bxa5 Nc4 29. Rh3 Re7 30. Rc3 e3 31. g4 e2 32. Re1 Qxa3 33. Rxc4 dxc4 34. Qxc4+
Kh8 35. Rxe2 Rbe8 36. Re6 Rxe6 37. fxe6 Qd6 38. d5 Qe5 39. Qd3 Rc8 40. c4 Rb8
41. a6 Rb6 42. d6 Rxa6 43. d7 Qe1+ 44. Kg2 Ra2+ 45. Kh3 Rxh2+ 46. Kxh2 Qh4+ 47.
Kg2 Qxg4+ 48. Kf2 Qf4+ 49. Ke2 1-0

[Event "PARDUBICE OPEN 2007"]
[Site "CEZ arena,  Pardubice  (CZE)"]
[Date "2007.07.20"]
[Round "1"]
[White "Schneider, Ilja"]
[Black "Warszawski, Bartosz"]
[Result "1-0"]
[WhiteElo "2435"]
[BlackElo "2236"]
[PlyCount "69"]
[EventDate "2007.07.20"]

1. d4 d5 2. c4 e6 3. Nc3 c5 4. cxd5 exd5 5. Nf3 Nc6 6. g3 Nf6 7. Bg2 Be7 8. O-O
O-O 9. Bg5 cxd4 10. Nxd4 h6 11. Be3 Re8 12. Rc1 Bg4 13. h3 Be6 14. Na4 Qd7 15.
Kh2 Ne5 16. Nxe6 Qxe6 17. Bd4 Ne4 18. e3 Rac8 19. Rxc8 Rxc8 20. Nc3 Nc6 21.
Nxd5 Bd6 22. Nc3 Nxc3 23. Bxc3 b5 24. a3 Ne5 25. Qd4 Rc4 26. Qxa7 Qg6 27. Rd1
Nd3 28. e4 b4 29. axb4 Nxb4 30. Qa8+ Kh7 31. e5 Be7 32. b3 Qc2 33. bxc4 Qxd1
34. Be4+ g6 35. e6 1-0

[Event "PARDUBICE OPEN 2007"]
[Site "CEZ arena,  Pardubice  (CZE)"]
[Date "2007.07.20"]
[Round "1"]
[White "Mochalov, Evgeny V"]
[Black "Gutenev, Alexander"]
[Result "1-0"]
[WhiteElo "2429"]
[BlackElo "2235"]
[PlyCount "63"]
[EventDate "2007.07.20"]

1. Nf3 f5 2. d4 Nf6 3. g3 g6 4. Bg2 Bg7 5. c3 a5 6. O-O O-O 7. Nbd2 a4 8. Qc2
d6 9. e4 fxe4 10. Nxe4 Bf5 11. Nh4 Nxe4 12. Bxe4 Bxe4 13. Qxe4 d5 14. Qe6+ Rf7
15. Nf3 Ra6 16. Qe2 Rff6 17. Re1 Qc8 18. Bg5 Rae6 19. Qd3 Rf5 20. Bxe7 Nc6 21.
Ba3 Qe8 22. Rxe6 Qxe6 23. Kg2 g5 24. h3 h6 25. Qe3 Qf7 26. Re1 Kh7 27. Qd3 Kg8
28. Re3 b6 29. Qb5 Na5 30. Re7 Qf6 31. Rxc7 h5 32. Qe8+ 1-0